Nota Rujukan : Kursus Pengurusan Aset
| Format: | Book |
|---|---|
| Published: |
Kuala Lumpur :
Institut Tadbiran Awam Negara ,
2002
|
| Subjects: |
MARC
| LEADER | 00000cam a2200000 7i4500 | ||
|---|---|---|---|
| 001 | 0000015560 | ||
| 005 | 20060103.0 | ||
| 040 | |a INS | ||
| 090 | 0 | 0 | |a M112 |
| 245 | 1 | 0 | |a Nota Rujukan : |b Kursus Pengurusan Aset |
| 260 | |a Kuala Lumpur : |b Institut Tadbiran Awam Negara , |c 2002 | ||
| 300 | |a 169m/sIbil. ; |c 30cm. | ||
| 650 | 0 | 0 | |a Asset |x Liability management |
| 999 | |a M000000157 |b BOOK |c Course Notes |e Default branch | ||